000 00683nam a22002057a 4500
005 20141121111045.0
010 _aENG-111229
020 _a9780198098867
_c995.00
020 _a0198098863
_c995.00
035 _aEN-94761
037 _bDBAD/PUB
082 _a759.954
245 _aAmrita Sher-Gil :
_cedited by Yashodhara Dalmia
_bart and life : a reader /
260 _aNew Delhi
_bOxford University Press
_c2014
270 _aYMCA Library building, 1 Jai Singh Road
_bNew Delhi
_e110001
300 _axxi, 349p. :
_c22cm(pbk)
_bill.
500 _aIncludes bibliographical references and index
700 _aDalmia, Yashodhara
942 _2ddc
_cEN
_mAMR
_h759.954
999 _c90038
_d90038